000 00261nam a2200121 4500
999 _c9494
_d9494
082 _a001 SAB
100 _aSabri, S.M
245 _aEmporium Exploring General Knowledge
250 _a2nd
260 _aLahore:
_c1993.
_bEmporium
300 _a361p. ;
942 _cBK